Proceedings of the 26th annual Boston University conference on language development
Saved in:
| Main Authors: | , , |
|---|---|
| Format: | Book |
| Language: | English |
| Published: |
Somerville
Cascadilla
2002
|
| Subjects: | |
| Tags: |
Add Tag
No Tags, Be the first to tag this record!
|
MARC
| LEADER | 00000nam a2200000 a 4500 | ||
|---|---|---|---|
| 001 | UCM2532 | ||
| 003 | CL-VaPUC | ||
| 008 | 020607e20020000US |||||||||||||||||eng|d | ||
| 082 | 0 | 4 | |a 410 |b SKA |2 21 |
| 100 | 0 | |a Skarabela, Barbora |e author |9 469326 | |
| 700 | 0 | |a Fish, Sarah |e author |9 469327 | |
| 700 | 0 | |a Do, Anna H.-J |e author |9 469328 | |
| 245 | 1 | 0 | |a Proceedings of the 26th annual Boston University conference on language development |
| 300 | |a 2 v | ||
| 942 | |c BK | ||
| 945 | |d 20020607 00:00:00 |a cmena | ||
| 260 | |a Somerville |b Cascadilla |c 2002 | ||
| 650 | 0 | |a Lingüística |9 265068 | |
| 650 | 0 | |a Investigación lingüística |9 329785 | |
| 650 | 0 | |a Adquisición del lenguaje |9 309032 | |
| 650 | 0 | |a Métodos de enseñanza |9 270413 | |
| 583 | |a last modification |c 20020607 00:00:00 |k Rodrigo Vera | ||
| 999 | |c 300366 |d 300364 | ||
| 952 | |0 0 |1 0 |4 0 |6 410_000000000000000_SKA_2002 |7 0 |8 A |9 358038 |a FDOPOS |b FDOPOS |d 2019-11-21 |h v.1 |i 381758K |o 410 SKA 2002 |p 381758K |r 2025-01-22 |w 2019-11-21 |y BK |k MLA | ||
| 952 | |0 0 |1 0 |4 0 |6 410_000000000000000_SKA_2002 |7 0 |8 A |9 358039 |a FDOPOS |b FDOPOS |d 2019-11-21 |h v.2 |i 3817598 |o 410 SKA 2002 |p 3817598 |r 2025-01-22 |w 2019-11-21 |y BK |k MLA | ||